=LDR 00000nam 2200000 4500 =001 INLIS000000000022903 =005 20130612121619 =008 ***********************************Ind** =035 ##$$0010-061300000022903 =041 ##$$a Ind =082 ##$$a 616.2 =090 ##$$a 616.2, Adi-a =100 ##$$a Aditama, Candra Yoga =245 ##$$a Asma Bronkial, Tjandra Yoga Aditama =260 ##$$a 2006 $b Jakarta =300 ##$$a ix, 30 hlm., ilus., 23 cm =650 ##$$a Assma bronkial-kesehatan =850 ##$$a NBPNMAT =990 ##$$a 0001/BPAP-NTB/20142015 =990 ##$$a 0001/BPAP-NTB/20142015